| 000 | 00471nam a22001817a 4500 | ||
|---|---|---|---|
| 003 | MPLRDC | ||
| 005 | 20220104123738.0 | ||
| 008 | 210129b ||||| |||| 00| 0 eng d | ||
| 082 | _a528.21 PAR | ||
| 100 | _aROSS D PARKE | ||
| 245 |
_a现代父亲 _c张康乐译 |
||
| 250 | _a初版 | ||
| 260 |
_a _b允晨文化实业股份有限 _c1986 |
||
| 300 | _b平 | ||
| 490 | _a允晨新生活丛书. 11 | ||
| 650 | _a子女教育; 亲子教育 | ||
| 942 |
_cBK _o528.21 PAR |
||
| 999 |
_c13862 _d13852 |
||